Quick Pick: Love or Hate? Quiz Stats

 Plays Quiz Updated Oct 2, 2016

Challenge
Share
Tweet
Embed
Score 0/8 Timer 01:00
1 Play Today
% Correct
Fondness
97.3%
Devotion
97.2%
Endearment
95.1%
Regard
93%
Infatuation
92.6%
Adulation
88.9%
Amity
78.9%
Idolatry
76.4%

Today's Daily Dose

You're not logged in!

Compare scores with friends on all Sporcle quizzes.
OR
Log In

You Might Also Like...

Show Comments

Extras

Top Quizzes Today


Score Distribution

Your Account Isn't Verified!

In order to create a playlist on Sporcle, you need to verify the email address you used during registration. Go to your Sporcle Settings to finish the process.

Report this User

Report this user for behavior that violates our Community Guidelines.

Details: